A-Z: names ending in F - Statistics

General Stats
  • This quiz has been taken 39 times
  • The average score is 9 of 26
Answer Stats
Initial letter Clue Name ending in F % Correct
A Hitler's first name Adolf
100%
L First name of explorer Erikson who established the first European colony in North America in 1000 AD Leif
89%
H Actor David of Knight Rider and Baywatch fame Hasselhof
86%
J Kitchen surface cleaning cream, renamed Cif in some countries Jif
83%
D Beer brand from The Simpsons Duff
64%
B Villainous character from Back to the Future Biff
61%
M Criminal Bernie who set up fraudulent Ponzi schemes and made off with billions of dollars Madoff
44%
C Financial district of London Canary Wharf
39%
G Petrol station chain Gulf
39%
Z Goalkeeper Dino, who captained Italy in their 1982 World Cup triumph Zoff
39%
E French company who sell oil and other motor fluids Elf
31%
K Futurama character who is an assistant to Zapp Brannigan Kif
31%
S Scandinavian cook from The Muppets Swedish Chef
28%
W Nickname of the fixer in Pulp Fiction, played by Harvey Keitel Wolf
28%
F Football team from large German city on the Rhine Fortuna Dusseldorf
25%
Y Surname of ex-Scottish First Minister Humza Yousaf
25%
P Czech piano maker with virtually the same name as Celtic's former Bulgarian midfielder Stilian Petrof
22%
R Holy Roman Emperor of the 1500s Rudolf
19%
T Berlin airport Tempelhof
19%
U Hotel in Rimbach, Germany, meaning "Ulrich's yard" Ulrichshof
17%
I Surname of Russian painter Serge; also a Chekov play Ivanoff
14%
N Iraqi city which saw heavy fighting in the 2003 US-led invasion Najaf
11%
Q Abbreviation for the Forestry Society's periodical, issued every three months QJF
8%
X Heavy metal band with a Nazi-sounding name Xaadolf
8%
O Russian surname which a veal dish is named after Orloff
3%
V New Zealand fraudster with a royal first name and beery surname that suggests something bad Victoria Duff
0%
No matching quizzes found
Score Distribution
Percent of People with Each Score
Percentile by Number Answered
Your Score History
You have not taken this quiz